000 01105nam a2200241Ia 4500
999 _c47187
_d47187
001 14045
003 GE_BSU
005 20241030162407.0
008 181216s2012||||ge |||||||||||||| ||geo||
020 _a978994119787
040 _cGE_BSU
041 _ageo
080 _a94(479.22) ჯ-14
100 _aჯავახიშვილი, ივანე
_923558
245 _aქართველი ერის ისტორია ხუთ ტომად :
_bტ.1 /
_cივანე ჯავახიშვილი ; მთ. რედ. : მაია ალუდაური ; რედ. : მარგო ინასარიძე.
264 _aთბილისი :
_bპალიტრა L,
_c2012.
300 _a399 გვ. ;
_c24 სმ.
541 _h13ლ.
653 _aქართველი ერის ისტორია ხუთ ტომად. ტ.1
700 _aალუდაური, მაია
_eმთ. რედაქტორი
_92096
700 _aინასარიძე, მარგო
_eრედაქტორი
_91207
942 _cBK
_2udc